000 00654cam a2200265ua 4500
020 _a81 03 0786 0
_c59.00
041 _aeng
_h
082 _a511
_bRAJ/CO
100 _aRajaraman, V .
245 _aComputer oriented numerical methods /
_cV.Rajaraman.
_hTextual Documents
250 _a3 /
_b.
260 _aNew Delhi :
_bPrentice Hall of India Pvt Ltd. ,
_c1993.
300 _a196 ; .
365 _a59.00
500 _a*CSS
504 _a
942 _cBK
999 _c2975
_d2975